Wireless communication standards : (Record no. 26504)

MARC details
000 -LEADER
fixed length control field 01234cam a22002895a 4500
001 - CONTROL NUMBER
control field 13640051
005 - DATE AND TIME OF LATEST TRANSACTION
control field 20180412145748.0
008 - FIXED-LENGTH DATA ELEMENTS--GENERAL INFORMATION
fixed length control field 040629s2004 nyua frb 001 0 eng d
020 ## - INTERNATIONAL STANDARD BOOK NUMBER
International Standard Book Number 073814066X
020 ## - INTERNATIONAL STANDARD BOOK NUMBER
International Standard Book Number 9780738140667
040 ## - CATALOGING SOURCE
Original cataloging agency DLC
Transcribing agency DLC
Modifying agency YDX
-- OCL
-- BAKER
-- NLGGC
-- BTCTA
-- YDXCP
-- UBA
-- DEBBG
-- DLC
-- EG-ScBUE
Language of cataloging eng
082 04 - DEWEY DECIMAL CLASSIFICATION NUMBER
Classification number 621.38212
Edition number 22
Item number COO
100 1# - MAIN ENTRY--PERSONAL NAME
Personal name Cooklev, Todor,
Dates associated with a name 1966-
245 10 - TITLE STATEMENT
Title Wireless communication standards :
Remainder of title a study of IEEE 802.11, 802.15, and 802.16 /
Statement of responsibility, etc Todor Cooklev.
260 ## - PUBLICATION, DISTRIBUTION, ETC. (IMPRINT)
Place of publication, distribution, etc New York :
Name of publisher, distributor, etc Standards Information Network, IEEE Press,
Date of publication, distribution, etc 2004.
300 ## - PHYSICAL DESCRIPTION
Extent xxii, 360 p. :
Other physical details ill. ;
Dimensions 23 cm.
504 ## - BIBLIOGRAPHY, ETC. NOTE
Bibliography, etc Includes bibliographical references and index.
650 #7 - SUBJECT ADDED ENTRY--TOPICAL TERM
Topical term or geographic name as entry element IEEE 802.11 (Standard)
Source of heading or term BUEsh
650 #7 - SUBJECT ADDED ENTRY--TOPICAL TERM
Topical term or geographic name as entry element Wireless communication systems
General subdivision Standards.
Source of heading or term BUEsh
651 ## - SUBJECT ADDED ENTRY--GEOGRAPHIC NAME
Source of heading or term BUEsh
653 ## - INDEX TERM--UNCONTROLLED
Resource For college Engineering, Electrical
Arrived date list April2018
655 ## - INDEX TERM--GENRE/FORM
Form subdivision Reading book
-- 34232
856 42 - ELECTRONIC LOCATION AND ACCESS
Materials specified Contributor biographical information
Uniform Resource Identifier <a href="http://www.loc.gov/catdir/enhancements/fy1107/2004054876-b.html">http://www.loc.gov/catdir/enhancements/fy1107/2004054876-b.html</a>
856 42 - ELECTRONIC LOCATION AND ACCESS
Materials specified Publisher description
Uniform Resource Identifier <a href="http://www.loc.gov/catdir/enhancements/fy1107/2004054876-d.html">http://www.loc.gov/catdir/enhancements/fy1107/2004054876-d.html</a>
856 41 - ELECTRONIC LOCATION AND ACCESS
Materials specified Table of contents only
Uniform Resource Identifier <a href="http://www.loc.gov/catdir/enhancements/fy1107/2004054876-t.html">http://www.loc.gov/catdir/enhancements/fy1107/2004054876-t.html</a>
942 ## - ADDED ENTRY ELEMENTS (KOHA)
Source of classification or shelving scheme Dewey Decimal Classification
Holdings
Withdrawn status Item status Source of classification or shelving scheme Damaged status Not for loan Vendor Home library Current library Shelving location Date acquired Source of acquisition Total Checkouts Full call number Barcode Date last seen Koha item type
    Dewey Decimal Classification     Baccah Central Library Central Library First floor 12/04/2018 Purchase   621.38212 COO 000047615 15/07/2025 Book - Borrowing
    Dewey Decimal Classification     Baccah Central Library Central Library First floor 12/04/2018 Purchase   621.38212 COO 000047616 15/07/2025 Book - Borrowing
    Dewey Decimal Classification     Baccah Central Library Central Library First floor 12/04/2018 Purchase   621.38212 COO 000047617 15/07/2025 Book - Borrowing